000 00653nam a22002297a 4500
999 _c2675
_d2675
001
003 URS
005 20220114142231.0
008 200304s2007 a|||| |||| 00| 0 eng d
020 _a9780893469498 (pbk.)
040 _cURS
_beng
_drda
050 0 0 _aBF 1714
_bS55999 2007
082 _a
_2
100 1 _aShiozawa, Fumio,
_d
245 1 0 _aDivining the asian zodiac :
_bancient guide to life and love /
_cFumio Shiozawa.
260 _aBerkeley, Calif. :
_bHeian/Stone Bridge Press,
_c[2007]
300 _a127 pages :
_bcolored illustrations ;
_c25 cm.
505 0 _aIn
650 0 _aAstrology, Chinese.
856 4 1 _3
_u
942 _2lcc
_cFR